Southville International School and Colleges
Your cart is empty.
  • Cart
  • Lists
    Public lists Eva Luna New books Lux_list list_1
    Your lists Log in to create your own lists
  • Log in to your account
  • Your cookies
  • Search history
Southville International School and Colleges
  • Advanced search
  • Recent comments
  • Most popular
  • Libraries

Log in to your account

Log in with GOOGLE


If you do not have an external account, but do have a local account, you can still log in:

  1. Home
  2. MARC view: Heidi /
Normal view MARC view ISBD view

Heidi / (Record no. 7770)

[ view plain ]
MARC details
000 -LEADER
fixed length control field 00755nam a2200241 4500
003 - CONTROL NUMBER IDENTIFIER
control field OSt
005 - DATE AND TIME OF LATEST TRANSACTION
control field 20140310181946.0
008 - FIXED-LENGTH DATA ELEMENTS--GENERAL INFORMATION
fixed length control field 121128t xxu||||| |||| 00| 0 eng d
020 ## - INTERNATIONAL STANDARD BOOK NUMBER
International Standard Book Number 9780891076001
050 ## - LIBRARY OF CONGRESS CALL NUMBER
Classification number PZ 7
Item number .H465 1989
082 ## - DEWEY DECIMAL CLASSIFICATION NUMBER
Classification number GS 823
Item number D36h 1989
245 ## - TITLE STATEMENT
Title Heidi /
Statement of responsibility, etc retold by Anne de graaf from Johanna Spyri's classic story ; illustrsted by Chris Molan.
260 ## - PUBLICATION, DISTRIBUTION, ETC. (IMPRINT)
Place of publication, distribution, etc Wheaton, III :
Name of publisher, distributor, etc Crossway Books,
Date of publication, distribution, etc c1989.
300 ## - PHYSICAL DESCRIPTION
Extent 92 p. :
Dimensions 25 cm.
Other physical details col. ill, ;
541 ## - IMMEDIATE SOURCE OF ACQUISITION NOTE
-- 1
562 ## - COPY AND VERSION IDENTIFICATION NOTE
Number of copies 1
650 ## - SUBJECT ADDED ENTRY--TOPICAL TERM
Topical term or geographic name as entry element Grandfathers
General subdivision Fiction
9 (RLIN) 21482
650 ## - SUBJECT ADDED ENTRY--TOPICAL TERM
Topical term or geographic name as entry element Mountain life
General subdivision Fiction
9 (RLIN) 21483
650 ## - SUBJECT ADDED ENTRY--TOPICAL TERM
Topical term or geographic name as entry element Orphans
General subdivision Fiction
9 (RLIN) 21484
650 ## - SUBJECT ADDED ENTRY--TOPICAL TERM
Topical term or geographic name as entry element Switzerland
General subdivision Fiction
9 (RLIN) 21485
650 ## - SUBJECT ADDED ENTRY--TOPICAL TERM
Topical term or geographic name as entry element Molan, Chris
9 (RLIN) 21486
942 ## - ADDED ENTRY ELEMENTS (KOHA)
Source of classification or shelving scheme Library of Congress Classification
Koha item type
Holdings
Withdrawn status Lost status Source of classification or shelving scheme Damaged status Home library Current library Shelving location Date acquired Total Checkouts Full call number Barcode Date last seen Copy number Price effective from Koha item type
    Library of Congress Classification   Luxembourg Library Luxembourg Library Kids Fiction Section 07/25/2013   PT 2521 .Sp772 1993 9995 08/13/2013 1 10/03/2013 Books
    Library of Congress Classification   Luxembourg Library Luxembourg Library Classic Section 08/01/2013   PT 2521 .Sp772 1974 2457 03/14/2016   08/01/2013 Books
    Library of Congress Classification   Luxembourg Library Luxembourg Library Grade School Section 09/24/2013   PZ 7 .H465 1989 8690 10/28/2015 1 09/24/2013 Books

Heidi /

APA

(1989). Heidi. Wheaton, III: Crossway Books.

Chicago

1989. Heidi. Wheaton, III: Crossway Books.

Harvard

(1989). Heidi. Wheaton, III: Crossway Books.

MLA

Heidi. Wheaton, III: Crossway Books. 1989.

  • Place hold
  • Print
  • Cite
  • Add to your cart (remove)
  • Save record
    BIBTEX Dublin Core MARCXML MARC (non-Unicode/MARC-8) MARC (Unicode/UTF-8) MARC (Unicode/UTF-8, Standard) MODS (XML) RIS
  • More searches
    Search for this title in:
    Other Libraries (WorldCat) Other Databases (Google Scholar) Online Stores (Bookfinder.com) Open Library (openlibrary.org)

Exporting to Dublin Core...

SOUTHVILLE LIBRARY

Southville International School and Colleges Library

1281 Tropical Ave. Cor. Luxembourg St., BF Homes International, Las Pinas City

Tel. No. 8256374 / 252358 Loc. 117/146

Powered by Koha